El teatro en la educacion /

Guardado en:
Autor Principal: Vega, Roberto
Formato: Libro
Publicado: Buenos Aires : Plus Ultra, 1981
Materias:
Etiquetas: Agregar Etiqueta
Sin Etiquetas, Sea el primero en etiquetar este registro!
LEADER 00452nam a22001575a 4500
001 EHU.bham003270
003 AR-BHAM
005 20070417165448.0
008 130507s1981##################000#0#####d
082 3 7 |a 371.895 
100 1 |a Vega, Roberto 
245 1 0 |a El teatro en la educacion /  |c Roberto Vega. 
260 |a Buenos Aires :  |b Plus Ultra,  |c 1981 
300 |a 89 p. 
653 |a Teatro escolar 
859 |a AR-BHAM  |b BIB. HUMANIDADES - General  |h 371.895  |i V522  |p 521.85  |t Ej.1